Agrárny sektor a hospodárska a finančná kríza

Analýza prejavov a dopadov krízy v potravinovom hospodárstve SR. Úlohy krízového manažmentu pri riešení krízových situácií v podnikoch.

Na minha lista:
Detalhes bibliográficos
Autor principal: Grznár, Miroslav
Outros Autores: Szabo, Ľuboslav
Formato: Capítulo de Livro
Idioma:eslovaco
Assuntos:
Tags: Adicionar Tag
Sem tags, seja o primeiro a adicionar uma tag!

MARC

LEADER 00000naa a2200000 4500
001 0144281
005 20240502072603.3
041 0 |a slo 
044 |a SK 
245 1 0 |a Agrárny sektor a hospodárska a finančná kríza  |c Miroslav Grznár, Ľuboslav Szabo 
520 |a Analýza prejavov a dopadov krízy v potravinovom hospodárstve SR. Úlohy krízového manažmentu pri riešení krízových situácií v podnikoch. 
610 2 0 |a podnik poľnohospodársky 
610 2 0 |a kríza hospodárska 
610 2 0 |a poľnohospodárstvo 
610 2 0 |a konkurencieschopnosť 
610 2 0 |a plánovanie operatívne 
610 2 0 |a manažment krízový 
100 1 |a Grznár, Miroslav 
700 1 |a Szabo, Ľuboslav